000
00360nam a2200157Ia 4500
008
210716s1986 xx 000 0 und d
020
_a
093460102X
041
_a
eng
082
_a
374.22 FLOY
100
_a
Floyd;Rinhart, Marion.
245
_a
Victorian florida.
250
_a
1
260
_a
U S A
_c
1986
300
_a
223
650
_a
General Management
999
_c
198769
_d
198769